Quizzes
Events
Quiz Creation
Community
Videos
Private Events
Remove Ads
Sign In
Join for FREE
Feedback
Dark Mode
Quiz Categories
Sports
Geography
Music
Movies
Television
Just For Fun
Miscellaneous
History
Literature
Language
Science
Gaming
Entertainment
Religion
Holiday
For Kids
Quiz Lab
Recent
Popular Today
Quiz Kudos Today
Editor Picks
Curator Picks
Quizzes by...
Day
Popularity
Type
Ratings
Length
Year
Community
Subscriptions
Recent Discussions
Orange Saloon
Badges
Playlists
Quests
Create
Leaderboards
Showdown
Live 5
Trivia Bingo
Activity
Puzzle Library
Sporcle Events
Private Events
Virtual Trivia
Globe League
Become a Host
Pub Owners
SporcleCon
Opinionation
Our Games
Videos
Blog
Mobile Apps
Partnerships
Remove Ads and Go Orange
Feedback
Music
Pop Music
The Beatles
Song
Album
Lyrics
Bands
Singers
Artist
Clip
Rock
Rap
Classical
Billboard
Country Music
Kpop
Taylor Swift
Music
Pop Music
The Beatles
Song
Album
Lyrics
Bands
Singers
Artist
Clip
Rock
Rap
Classical
Billboard
Country Music
Kpop
Taylor Swift
Random Quiz
Search Sporcle
×
Quiz Lab
Quiz Lab
Music
Clip
Type in answers that appear in a list
Type in answers that appear in a list
Classic
Best Score? Go Orange.
Steps Songs (clips) Stats
Can you name the steps songs?
By
tatty16
8m
27 Questions
265 Plays
265 Plays
265 Plays
Comments
Comments
Give Quiz Kudos
Give Quiz Kudos
-
- Ratings
hide this ad
Replay
Link that replays current quiz
Next Quiz
Link to next quiz in quiz playlist
You Got
0%
They Got
Avg Score
60%
Avg Friend Score
Upgrade to see
Score Distribution
Jump to the score distribution portion of the page
Score
0/27
Timer
08:00
0
Plays Today
Time
Song
% Correct
00:20 -
00:30
5, 6, 7, 8
95.5%
01:00 -
01:10
Tragedy
93.6%
01:20 -
01:30
Stomp
87.5%
02:30 -
02:40
Chain Reaction
87.2%
01:40 -
01:50
One for Sorrow
86.4%
00:40 -
00:50
Better The Devil You Know
85.7%
02:50 -
03:00
Deeper Shade of Blue
80.4%
00:10 -
00:20
Summer of Love
79.2%
02:40 -
02:50
Last Thing on my Mind
76.2%
01:50 -
02:00
Better Best Forgotten
75.1%
02:20 -
02:30
It's the Way You Make Me Feel
74.3%
02:00 -
02:10
Say You'll Be Mine
73.6%
00:30 -
00:40
Here and Now
72.1%
03:20 -
03:30
Heartbeat
71.3%
Time
Song
% Correct
01:10 -
01:20
After the Love Has Gone
70.2%
01:30 -
01:40
Love's Got a Hold on My Heart
64.9%
04:20 -
04:30
When I Said Goodbye
56.2%
03:00 -
03:10
Words are not Enough
45.3%
03:30 -
03:40
Baby Don't Dance
38.9%
00:00 -
00:10
Steptro
35.8%
03:40 -
03:50
Love U More
35.5%
02:10 -
02:20
Experienced
34.3%
00:50 -
01:00
Too Weak To Resist
28.3%
03:50 -
04:00
Back To You
23.4%
04:00 -
04:10
Stay With Me
23%
04:10 -
04:20
This Heart Will Love Again
22.3%
03:10 -
03:20
Only In My Dreams
21.5%
Quiz Playlist
Details
Report
Send in Message
Add To Playlist
Classic:
Type in answers that appear in a list
Last Updated: Feb 16, 2017
Quiz Scoreboard
CHALLENGE
Sign Up to Join the Scoreboard
Show All
Scores
Hide
Comments
May contain spoilers
Recently Published
1-10 Letter E Words III
by El_Dandy
Language
2m
One Thing in Common: World Cities II
by knightlancer
Geography
7m
Popular People in 1961
by mucciniale
History
6m
More to Explore
Quiz From the Vault
Featured Blog Post
Where Did the Easter Bunny Come From?
hide this ad
You Might Also Like...
Tags
Album Quiz
Clip Quiz
Song Quiz
step
Today's Top Quizzes in Music
Browse Music
hide this ad
Today's Top Quizzes in Clip
Browse Clip
Top Contributed Quizzes in Music
1
Taylor Swift All Songs (2024)
2
2010s Album by Cover III
3
Taylor Swift Logic Puzzle
4
One Thing in Common: Music
5
Guess the Artist- 70s Songs
6
Guess the Taylor Swift song (Mystery Song)
7
2010s Album by Cover V
8
2010s Album by Cover IV
9
Lana Del Rey Discography (BTD to DYKTTATUOB)
10
KPOP LOGIC QUIZ
Explore More
Trending Topics
Kpop
Crossword
Marvel
Anime
Disney
NBA
Harry Potter
Puzzle
Song
NFL
Pokémon
Soccer
The Office
WWE
Country
hide this ad
More By:
tatty16
Quiz
Plays
Rating
Category
Featured
Created
Disney Films in order (clickable)
12,162
3.97
Movies
Mar 28, 2012
Disney lyrics (clickable)
10,870
4.38
Movies
Apr 1, 2012
Cartoon couples (clickable)
9,554
3.43
Television
Mar 30, 2012
Disney films mixed up (clickable)
9,245
3.68
Just For Fun
Apr 16, 2012
Disney Characters Behind the Letters
6,787
4.50
Just For Fun
Feb 29, 2012
Go to Creator's Profile
Score Distribution
Quiz Creator Spotlight
tatty16
Follow
Send a Message
Quizzes Created
-
Created Quiz Play Count
-
More By This Creator
Popular Quizzes Today
1
Find the US States - No Outlines Minefield
2
The Countries of the World
3
Find the Countries of Europe - No Outlines Minefield
4
Popular People in 1961
5
1-10 Letter E Words III
6
Find the US States
7
One Thing in Common: World Cities II
8
US States
More Music Quizzes
Mutual Missing Word: Pop & Kpop Songs
Quiz Lab
Trending Quizzes
Risky Map Clicking: Least Populous States A-Z
1-10 Letter F Words
1-10 Letter G Words
One Thing in Common: United Kingdom
Risky Map Clicking: Next State Alphabetically
Recently Updated
Leaping Animals
pecheneg
Reality TV Shows (A-Z)
bhenderson79
Rickey Henderson's Hall of Fame Teammates
pecheneg
Champions League XIs: Arsenal
pecheneg
Quick Pick: Celebrities in WWE's Hall of Fame
aduchscher
A-Z Keypad Blitz II
pecheneg
Multiple Oscar Actors
pecheneg
Mystery Phrase Blitz: Oscar 'Best Actors'
pecheneg
F. Scott Fitzgerald Novels
LTH
Pick 3 Villains
ddd62291
Trending Topics
NBA
Kpop
Anime
Disney
Marvel
Harry Potter
Crossword
Pokémon
Soccer
Song
Puzzle
NFL
WWE
The Office
Country
Your Account Isn't Verified!
In order to create a playlist on Sporcle, you need to verify the email address you used during registration. Go to your
Sporcle Settings
to finish the process.
Report this User
Report this user for behavior that violates our
Community Guidelines
.
Details:
Send Report
Go to the Sporcle.com Mobile Site →
Comments